Social networks and mental illness

Αποθηκεύτηκε σε:
Λεπτομέρειες βιβλιογραφικής εγγραφής
Άλλοι συγγραφείς: Morrissey, Joseph P. (Επιμελητής έκδοσης)
Μορφή: Βιβλίο
Γλώσσα:English
Δημοσίευση: Stamford, Conn. : JAI Press, 1998
Σειρά:Research in community and mental health ; ; 9
Θέματα:
Ετικέτες: Προσθήκη ετικέτας
Δεν υπάρχουν, Καταχωρήστε ετικέτα πρώτοι!

MARC

LEADER 00000nam a2200000 i 4500
001 1/49186
008 070725s1998 eng d
020 |a 1-55938-140-X 
035 |l 10089119 
040 |a GR-MY-UA  |b gre  |e aacr 
041 0 |a eng 
082 0 |a 616.89  |2 (22) 
245 1 0 |a Social networks and mental illness /  |c editor: Joseph P. Morrissey 
260 |a Stamford, Conn. :   |b JAI Press,   |c 1998 
300 |a ix, 266 σ.;  |b εικ.;  |c 24 εκ. 
490 1 |a Research in community and mental health  |v ; 9 
504 |a Περιέχει βιβλιογραφικές παραπομπές 
650 0 0 |a Mental health  |x Social aspects. 
650 0 0 |a Mental illness  |x Social aspects. 
650 0 0 |a Social networks. 
700 1 |a Morrissey, Joseph P.  |4 edt 
830 0 |a Research in community and mental health ;  |v ; 9 
852 |a INST  |b LESVOS  |e 20070725  |h 616.89 SOC  |p 005100041480  |q 005100041480  |t BK  |y 0 
901 |a BIBL1-2007-2 
909 |a Λ  |b 136894 
922 |a 1ΕΛΗ  |b 200707  |c ΕΠΕΑΕΚ2/ΤΚ  |d ΕΛΕΥΘΕΡΟΥΔΑΚΗΣ 
970 |a ΚΑΡΑ  |b ΓΙΑΣΕΜΗ  |z 2007/07/25